| 000 | 00773nam a2200277 4500 | ||
|---|---|---|---|
| 999 |
_c8494 _d8494 |
||
| 001 | 22139 | ||
| 003 | BD-DhUAP | ||
| 005 | 20240331122658.0 | ||
| 008 | 880526s1989 nyu b 001 0 eng | ||
| 020 | _a9780435104122 | ||
| 040 |
_aDLC _cDLC _dBD-DhUAP _beng |
||
| 082 | 0 | 0 |
_a808.1 BAR _219 |
| 100 | _aBarton, Geoff | ||
| 245 | 0 | 0 |
_aDeveloping POETRY SKILLS : _bReading poetry / _cGeoff Barton |
| 250 | _a1st ed. | ||
| 260 |
_aLondon : _bHeineman; _cc1998. |
||
| 300 |
_a128 p. ; _c26 cm. |
||
| 500 | _aIncludes indexes. | ||
| 650 | 0 | _aReaders (Secondary) | |
| 650 | 0 | _aPoetry. | |
| 650 | 0 |
_aEnglish language _xComposition and exercises. |
|
| 650 | 0 |
_aCriticism _xAuthorship. |
|
| 650 | 1 |
_aPoetry _xDeveloping skills |
|
| 700 | 1 | _aDiYanni, Robert. | |
| 942 |
_2ddc _cBK |
||